00758nam a2200217Ia 4500008004100000016001400041020001500055040002400070050002400094082001500118100003700133245012300170250001200293260004400305300004200349500004000391563001200431650002600443700003800469700003300507210303s9999 xx 000 0 und d 2reto2022b a0262081369 aNLNbEnglisheAACR2 aDS36.85b.G331 1983 a909.097671 aJohn S. Badeau ... [et al.]eaut 4aThe GENIUS of Arab civilization :bsource of Renaissance /cJohn S. Badeau ... [et al.], edited by John Richards Hayes a2nd ed. aMassachusetts :bThe M.I.T Press,c1983 ax, 260p. : bill., col. ports. ; 31cm aIncludes bibliographical references a(cased) aCivilization, Islamic aHayes, John Richard, d1933-eedt aBadeau, John S. ... [et al.]